000 00311nam a22001337a 4500
008 170920b xxu||||| |||| 00| 0 eng d
020 _a9780205642724
041 _aeng
080 _29 ED
_a7
100 _a45
101 _aART
245 _aARTB JERVIS INTERNATIONAL POLITICS
_cJERVIS.R
942 _2udc
_cBK
999 _c28477
_d28477